000
00211 a2200097 4500
001
57758
100
_a
245
_a
Modern researcher
260
_a
Islamabad
_b
Nationa Book Foundation
_c
090
_c
35441
_d
35441
942
_a
NUST-CAE
_c
_c
28271
999
_c
292831
_d
292831